000 00892nmm a2200313 a 4500
003 AR-BaBNM
005 20251128203235.0
008 027019s1947 ||||||||||||||000 | spa||
040 _cAR-BaBNM
100 1 _aHudson, Guillermo Enrique
245 1 0 _aAllá lejos y hace tiempo ;
_bFar away and long ago
260 _aBuenos Aires
_bEdiciones Peuser
_c1947
300 _a365 p.
_bil., láms.
650 4 _aLITERATURA ARGENTINA
650 4 _aESCRITORES
650 4 _aNOVELAS
650 4 _aAUTOBIOGRAFIAS
650 4 _aCOSTUMBRES Y TRADICIONES
650 4 _aPAMPAS
650 4 _aFOLKLORE
650 4 _aSIGLO DIECINUEVE
655 _aLITERATURA
700 1 _aCunninghame Graham, Robert Bontine
_eprologuista
700 1 _aPozzo, Fernando
_etraductor
700 1 _aRodríguez de Pozzo, Celia
_etraductor
700 1 _aMosca, Franco
_eilustrador
942 _cBK
998 _cMARTIN
999 _c2533
_d2533